|
|
|
|
| LEADER |
00841nam a2200205 a 4500 |
| 001 |
00025122 |
| 008 |
120531r20122001enka j 000 1 eng |
| 020 |
|
|
|a 9780194220583
|
| 040 |
|
|
|a BD-DhAAL
|c BD-DhAAL
|
| 082 |
0 |
4 |
|a 428.6
|
| 245 |
1 |
0 |
|a The Ugly Duckling /
|c edited bySue Arengo ;[illustrated by Katherine Lucas].
|
| 260 |
|
|
|a Oxford :
|b Oxford University Press,
|c 2001.[reprinted 2012]
|
| 300 |
|
|
|a 23 p. :
|b col. ill. ;
|c 25cm.
|
| 490 |
1 |
|
|a Classic tales ;
|v Beginner 2
|
| 541 |
1 |
|
|e 00025122
|
| 650 |
|
0 |
|a Readers (Elementary)
|
| 700 |
1 |
|
|a Arengo, Sue
|
| 852 |
1 |
|
|a Ayesha Abed library
|c General Shelf
|
| 999 |
|
|
|c 12293
|d 12293
|
| 952 |
|
|
|0 0
|1 0
|2 ddc
|4 0
|6 428_600000000000000_UGL
|7 0
|9 20336
|a BRACUL
|b BRACUL
|d 2012-05-31
|e Karim International
|l 2
|m 1
|o 428.6 UGL
|p 3010025122
|r 2025-09-11
|s 2025-09-04
|t 1
|w 2012-05-31
|y BK
|x Transferred from BIL to BRACUL on 06/06/22
|